000 00390nam a2200145Ia 4500
008 230917s9999||||xx |||||||||||||| ||und||
040 _e114113
_aMAIN
041 _aEnglish
082 _a657.95 G959C
100 _aGupta, M.K.
245 0 _aCompany accounts: (for B.B.A./M.B.A. of M.D. University)
260 _aDelhi
_bShree Mahavir Book Depot
_c2007
300 _a331p p.
942 _cBK
999 _c139743
_d139743